Normal view
MARC view
- Ravenstein, Ernst Georg
Entry Personal Name
001 - CONTROL NUMBER
- control field: 50244
003 - CONTROL NUMBER IDENTIFIER
- control field: NUST
005 - DATE AND TIME OF LATEST TRANSACTION
- control field: 20210314134549.0
008 - FIXED-LENGTH DATA ELEMENTS
- fixed length control field: 210314|| aca||aabn | a|a d
040 ## - CATALOGING SOURCE
- Original cataloging agency: NUST
- Transcribing agency: NUST
100 ## - HEADING--PERSONAL NAME
- Personal name: Ravenstein, Ernst Georg
670 ## - SOURCE DATA FOUND
- Source citation: Work cat.: (NUST): Ravenstein, Ernst Georg,, The Russians on the Amur, 1861.
